Príprava trvá dlho, sporitelia prichádzajú o výnosy očakávané zmeny v zákone o dôchodkovom sporení sa tvoria veľmi pomaly
Analýza situácie a odborné diskusie s cieľom ako pripraviť zákon, ktorý bude v prospech sporiteľov aj dôchodkového systému. Kľúčové negatíva dôchodkových fondov. Investičné nástroje a rizikovosť portfólia.
Enregistré dans:
| Auteur principal: | |
|---|---|
| Format: | Chapitre de livre |
| Langue: | slovaque |
| Sujets: | |
| Tags: |
Pas de tags, Soyez le premier à ajouter un tag!
|
MARC
| LEADER | 00000naa a2200000 4500 | ||
|---|---|---|---|
| 001 | 0127129 | ||
| 005 | 20240502072441.1 | ||
| 041 | 0 | |a slo | |
| 044 | |a SK | ||
| 245 | 1 | 0 | |a Príprava trvá dlho, sporitelia prichádzajú o výnosy |b očakávané zmeny v zákone o dôchodkovom sporení sa tvoria veľmi pomaly |c Pavel Škriniar |
| 520 | |a Analýza situácie a odborné diskusie s cieľom ako pripraviť zákon, ktorý bude v prospech sporiteľov aj dôchodkového systému. Kľúčové negatíva dôchodkových fondov. Investičné nástroje a rizikovosť portfólia. | ||
| 610 | 2 | 0 | |a sporenie dôchodkové |
| 610 | 2 | 0 | |a poistenie dôchodkové |
| 610 | 2 | 0 | |a systémy dôchodkové |
| 610 | 2 | 0 | |a spoločnosti správcovské dôchodkové |
| 610 | 2 | 0 | |a zabezpečenie dôchodkové |
| 610 | 2 | 0 | |a fondy penzijné |
| 610 | 2 | 0 | |a fondy verejné |
| 610 | 2 | 0 | |a reformy |
| 610 | 2 | 0 | |a zákony |
| 100 | 1 | |a Škriniar, Pavel, 1979- | |